Школьные экологические экспедиции для развития проектно- исследовательских навыков обучающихся; Экология и безопасность в техносфере: современные проблемы и пути решения

Bibliografiset tiedot
Parent link:Экология и безопасность в техносфере: современные проблемы и пути решения.— 2017.— [С. 536-537]
Päätekijä: Кузичева Т.П.
Yhteenveto:Заглавие с экрана
В статье описывается роль школьных экологических экспедиций в развитии проектно-исследовательских навыков учащихся. Исследовательский характер деятельности способствует воспитанию у школьников добросовестного отношения к эксперименту, увеличивает интерес к экологическим проблемам родного края, побуждает к решению экологических проблем.
The article describes the role of school ecological expeditions in the development of students' design and research skills. The research character of the activity contributes to the education of schoolchildren in a conscientious attitude to the experiment, increases interest in the environmental problems of the native land, encourages the solution of environmental problems.
Kieli:venäjä
Julkaistu: 2017
Sarja:Социально-гуманитарные аспекты экологии
Aiheet:
Linkit:http://earchive.tpu.ru/handle/11683/46694
Aineistotyyppi: MixedMaterials Elektroninen Kirjan osa
KOHA link:https://koha.lib.tpu.ru/cgi-bin/koha/opac-detail.pl?biblionumber=626524

MARC

LEADER 00000naa2a2200000 4500
001 626524
005 20231101133421.0
035 |a (RuTPU)RU\TPU\conf\25917 
035 |a RU\TPU\conf\25916 
090 |a 626524 
100 |a 20180302d2017 k y0rusy50 ca 
101 0 |a rus  |d eng 
102 |a RU 
105 |a y z 101zy 
135 |a drgn ---uucaa 
181 0 |a i  
182 0 |a b 
200 1 |a Школьные экологические экспедиции для развития проектно- исследовательских навыков обучающихся  |f Т.П. Кузичева 
203 |a Текст  |c электронный 
225 1 |a Социально-гуманитарные аспекты экологии 
230 |a 1 компьютерный файл (pdf; 107 Kb) 
300 |a Заглавие с экрана 
320 |a [Библиогр.: с. 537 (8 назв.)] 
330 |a В статье описывается роль школьных экологических экспедиций в развитии проектно-исследовательских навыков учащихся. Исследовательский характер деятельности способствует воспитанию у школьников добросовестного отношения к эксперименту, увеличивает интерес к экологическим проблемам родного края, побуждает к решению экологических проблем. 
330 |a The article describes the role of school ecological expeditions in the development of students' design and research skills. The research character of the activity contributes to the education of schoolchildren in a conscientious attitude to the experiment, increases interest in the environmental problems of the native land, encourages the solution of environmental problems. 
463 0 |0 (RuTPU)RU\TPU\conf\25447  |t Экология и безопасность в техносфере: современные проблемы и пути решения  |o сборник трудов Всероссийской научно-практической конференции молодых ученых, аспирантов и студентов, г. Юрга, 23-25 ноября 2017 г.  |f Национальный исследовательский Томский политехнический университет (ТПУ), Юргинский технологический институт (ЮТИ) ; под ред. Д. А. Чинахова [и др.]  |v [С. 536-537]  |d 2017 
610 1 |a электронный ресурс 
610 1 |a школьники 
610 1 |a экспедиции 
610 1 |a экологические проблемы 
610 1 |a исследования 
610 1 |a экологическое образование 
610 1 |a природные территориальные комплексы 
700 1 |a Кузичева  |b Т.П. 
801 2 |a RU  |b 63413507  |c 20180313  |g RCR 
856 4 |u http://earchive.tpu.ru/handle/11683/46694 
942 |c BK